000 00281nam a22001217a 4500
999 _c155381
_d155381
082 _a
_b
100 _aShakuntala Panchal
245 _aBhushan shabd kosh/
_cby Shakuntala Panchal.
260 _aKanpur:
_bAbhay Prakashan,
_c2005.
300 _a399p.
650 _a
942 _cBK